[Event "CrunchLab Masters Div 3 L"]
[Site "chess.com INT"]
[Date "2024.07.22"]
[Round "7.2"]
[White "Santos Latasa, Jaime"]
[Black "Sargsyan, Shant"]
[Result "0-1"]
[WhiteTitle "GM"]
[BlackTitle "GM"]
[WhiteElo "2631"]
[BlackElo "2649"]
[WhiteFideId "2293307"]
[BlackFideId "13306766"]
[EventDate "2024.07.19"]
[EventType "k.o."]

1. e4 e5 2. Nf3 Nc6 3. Bc4 Nf6 4. d3 Bc5 5. O-O O-O 6. h3 h6 7. Re1 d6 8. c3 a6
9. a4 Re8 10. Nbd2 Ba7 11. b4 Be6 12. Bxe6 Rxe6 13. Bb2 Ne7 14. Nf1 Nh5 15. Bc1
Ng6 16. g3 d5 17. Be3 Nf6 18. Bxa7 Rxa7 19. Qc2 Ra8 20. Ne3 Qd7 21. Kh2 Rd8 22.
c4 d4 23. Nd5 c6 24. Nxf6+ Rxf6 25. Qe2 Qe7 26. Rab1 b5 27. axb5 axb5 28. c5 Nf8
29. Ra1 Nh7 30. Kg2 Ng5 31. Nxg5 hxg5 32. Ra6 Qe6 33. Qa2 Qc8 34. g4 Rf8 35. Ra1
Kh7 36. Ra7 Kg6 37. Re7 Re8 38. Qa7 Rxe7 39. Qxe7 Qe6 40. Qd8 Qb3 41. Qh8 Rxf2+
42. Kxf2 Qb2+ 43. Kg3 Qxa1 44. Qc8 Qg1+ 45. Kf3 Qf1+ 46. Kg3 Qxd3+ 47. Kf2 Qe3+
48. Kf1 Qxh3+ 49. Ke2 Qe3+ 50. Kd1 Qxe4 51. Qd7 d3 52. Kc1 Qe1+ 53. Kb2 Qxb4+
54. Ka2 Qa4+ 55. Kb2 Qd4+ 0-1

[Event "CrunchLab Masters Div 3 L"]
[Site "chess.com INT"]
[Date "2024.07.22"]
[Round "8.1"]
[White "Sargsyan, Shant"]
[Black "Alekseev, Evgeny"]
[Result "1-0"]
[WhiteTitle "GM"]
[BlackTitle "GM"]
[WhiteElo "2649"]
[BlackElo "2550"]
[WhiteFideId "13306766"]
[BlackFideId "4138147"]
[EventDate "2024.07.19"]
[EventType "k.o."]

1. d4 Nf6 2. Nf3 e6 3. Bf4 c5 4. e3 Nc6 5. Nbd2 d5 6. c3 cxd4 7. exd4 Nh5 8. Be3
Bd6 9. Bb5 g6 10. O-O O-O 11. Re1 a6 12. Bf1 b6 13. a4 Bb7 14. g3 Ng7 15. Bg5 f6
16. Bh6 Re8 17. Nh4 Qd7 18. Bh3 Qf7 19. Bxg7 Kxg7 20. Qb3 Bc7 21. Ng2 e5 22.
dxe5 fxe5 23. Ne3 Rad8 24. Bg2 e4 25. f4 Ne7 26. Rad1 Nf5 27. Ndf1 h5 28. Bh3
Ne7 29. Rd2 Rd6 30. Nc2 Red8 31. Nfe3 Bb8 32. Nd4 Nc6 33. Nec2 Na5 34. Qa2 Nc4
35. Rf2 Kh8 36. b3 Na5 37. f5 g5 38. Ne6 Rg8 39. Ncd4 Qf6 40. Qd2 Nc6 41. g4 Ne5
42. gxh5 g4 43. Bg2 Nf3+ 44. Bxf3 gxf3+ 45. Kh1 Rd7 46. Nf4 Qh6 47. Ng6+ Kh7 48.
Ne6 Qxd2 49. Rxd2 Kh6 50. Kg1 Rf7 51. Nd4 Be5 52. Kf2 Bxd4+ 53. Rxd4 Rxf5 54. c4
dxc4 55. bxc4 Kxh5 56. Ne7 Rg2+ 57. Ke3 Rf7 58. Nd5 f2 59. Rf1 Rxh2 60. Rxe4 Kg5
61. Re5+ Kg4 62. Re8 Rh3+ 63. Ke2 Rh5 64. Ne3+ Kg3 65. Rg8+ Kh2 66. Ng4+ Kh3 67.
Nxf2+ Rxf2+ 68. Rxf2 Re5+ 69. Kd3 1-0

[Event "CrunchLab Masters Div 3 L"]
[Site "chess.com INT"]
[Date "2024.07.22"]
[Round "8.2"]
[White "Alekseev, Evgeny"]
[Black "Sargsyan, Shant"]
[Result "1-0"]
[WhiteTitle "GM"]
[BlackTitle "GM"]
[WhiteElo "2550"]
[BlackElo "2649"]
[WhiteFideId "4138147"]
[BlackFideId "13306766"]
[EventDate "2024.07.19"]
[EventType "k.o."]

1. e4 e5 2. Bc4 Nf6 3. d3 Bc5 4. Nf3 d6 5. O-O O-O 6. c3 h6 7. Bb3 Re8 8. h3
Nbd7 9. Re1 c6 10. Nbd2 Nf8 11. d4 Bb6 12. Bc2 Ng6 13. Nf1 d5 14. Nxe5 Nxe5 15.
dxe5 Nxe4 16. Bxe4 dxe4 17. Qh5 Qd5 18. Bf4 Be6 19. Ng3 e3 20. Bxe3 Bxe3 21.
Rxe3 Qd2 22. Ne4 Qxb2 23. Rae1 Kh8 24. Nd6 Rf8 25. f4 Bd5 26. R1e2 Qb1+ 27. Kh2
Kh7 28. c4 Be6 29. Rb3 Qc1 30. Ree3 g6 31. Qh4 b5 32. Rbc3 Qf1 33. cxb5 cxb5 34.
Rc7 Rad8 35. Qf6 Rd7 36. Rxd7 Bxd7 37. Nxf7 Be8 38. e6 Qc4 39. Rc3 Rxf7 40. exf7
Qxf7 41. Qxf7+ Bxf7 42. Rc7 1-0

[Event "CrunchLab Masters Div 3 L"]
[Site "chess.com INT"]
[Date "2024.07.22"]
[Round "8.3"]
[White "Alekseev, Evgeny"]
[Black "Sargsyan, Shant"]
[Result "1-0"]
[WhiteTitle "GM"]
[BlackTitle "GM"]
[WhiteElo "2550"]
[BlackElo "2649"]
[WhiteFideId "4138147"]
[BlackFideId "13306766"]
[EventDate "2024.07.19"]
[EventType "k.o."]

1. e4 e5 2. Bc4 Nf6 3. d3 Bc5 4. Nf3 Nc6 5. O-O h6 6. c3 d6 7. Bb3 a5 8. Re1 O-O
9. h3 Be6 10. Ba4 Ba7 11. Nbd2 Ne7 12. d4 Ng6 13. Nf1 c6 14. Ng3 Re8 15. Be3 b5
16. Bc2 a4 17. Qd2 Bb6 18. b3 axb3 19. axb3 Rxa1 20. Rxa1 c5 21. d5 Bd7 22. Bd3
Qc7 23. Bf1 Rc8 24. Qa2 c4 25. Bxb6 Qxb6 26. bxc4 bxc4 27. Nd2 Nf4 28. Nxc4 Qc5
29. Qa3 Ne8 30. Qxc5 Rxc5 31. Ra8 Kh7 32. Rd8 Bb5 33. Nxd6 Nxd6 34. Rxd6 Bxf1
35. Nxf1 Rxc3 36. Rc6 Ra3 37. Ne3 Ra4 38. Rc4 Ra1+ 39. Kh2 h5 40. h4 Nd3 41. Rc2
Ra4 42. f3 Ra6 43. Rc7 Kg8 44. Nc4 Nf4 45. Nxe5 Ra2 46. Rxf7 Nxg2 47. Kg3 Ne3
48. d6 Rd2 49. d7 Nf1+ 50. Kf4 Rd6 51. Re7 Kh7 52. Re8 Rf6+ 53. Kg5 Ng3 54. d8=Q
Nxe4+ 55. fxe4 Rg6+ 56. Kf4 Rf6+ 57. Qxf6 1-0